Statistics for General Knowledge Quiz #150

Click here to take the quiz!

General Stats

  • This quiz has been taken 23,023 times
  • The average score is 12 of 20

Answer Stats

Question Answer % Correct
What young pharaoh's tomb was famously discovered in 1922?Tutankhamun
91%
What two common vegetables have names that end in "nip"?Turnip
89%
In poker, what is the name of the highest possible straight flush?{Royal} Flush
85%
What do aardvarks eat?Ants and Termites
82%
What well-known app allows users to send pictures that will be automatically deleted
after a certain amount of time?
Snapchat
80%
What two common vegetables have names that end in "nip"?Parsnip
78%
What is the term for an epidemic that has spread over the entire world?Pandemic
70%
What is blood type O-negative often referred to as?Universal {Donor}
64%
What video game character eats mostly pellets but occassionally fruit and pretzels?Pac-Man
64%
As of 2016, who is the Prime Minister of Canada?Justin Trudeau
60%
In what activity did Deep Blue best Gary Kasparov in 1998?Chess
60%
What country has the the most Arabic speakers?Egypt
58%
What city did the Vandals sack in 455 AD?Rome
58%
Who are pestilence, war, famine, and death?Four Horsemen of
the Apocalypse
54%
What toy company makes a robotics kit called "Mindstorms"?Lego
33%
What female singer had the most #1 hits on the American pop charts in the 1990's?Mariah Carey
33%
What do some people eat that contains psilocybin?Psychedelic Mushrooms
30%
What high-altitude city hosted the Olympics in 1968?Mexico City
27%
What semi-nomadic group of people have a name that means "Desert Dwellers" in ArabicBedouins
26%
What type of creature is the closest relative to squids and octopuses?Cuttlefish
18%

Score Distribution

Percentile by Number Answered

Percent of People with Each Score

Your Score History

You have not taken this quiz